Calciatori per Maggior numero di gol in un campionato di Serie A - Statistics

Statistiche generali
  • Questo quiz è stato fatto 64 volte
  • Il punteggio medio è 6 su 12
Statistiche sulle risposte
Gol Campionato Nazione Squadra Calciatore % Corretto
36 2019-2020 Italia Lazio Ciro Immobile
100%
36 2015-2016 Argentina Napoli Gonzalo Higuaín
96%
31 2019-2020 Portogallo Juventus Cristiano Ronaldo
91%
35 1949-1950 Svezia Milan Gunnar Nordahl
75%
34 1950-1951 Svezia Milan Gunnar Nordahl
75%
31 2005-2006 Italia Fiorentina Luca Toni
65%
31 1929-1930 Italia Ambrosiana-Inter Giuseppe Meazza
62%
31 1950-1951 Ungheria Inter István Nyers
16%
30 1949-1950 Ungheria Inter István Nyers
16%
33 1958-1959 Argentina / Italia Inter Antonio Angelillo
15%
30 1951-1952 Danimarca Juventus John Hansen
2%
31 1933-1934 Italia Juventus Felice Borel II
0%
Nessun quiz corrispondente trovato
Distribuzione punteggi
Percentuale di utenti per punteggio
Percentile per numero di risposta
I tuoi punteggi nel tempo
Non hai fatto questo quiz